000 00458nam a2200181Ia 4500
001 24991
005 20260414151120.0
008 260414t2002||||xx |||||||||||||| ||spa||
041 _aESP
082 _a346.09
_bR24 T. 3
100 _aRamos Núñez, Carlos
_eAUT
245 0 _aHistoria del derecho civil peruano :
_bsiglos XIX y XX
260 _c2002
300 _a578 páginas :
_c21 cm.
650 _aDER
654 _aCDE
942 _cLIB
_dJUS
_fJUS
_2ddc
_n
999 _c24991
_d24991